Normal view
MARC view
Entry Personal Name
001 - CONTROL NUMBER
- control field: 699448
003 - CONTROL NUMBER IDENTIFIER
- control field: OSt
005 - DATE AND TIME OF LATEST TRANSACTION
- control field: 20221007082752.0
008 - FIXED-LENGTH DATA ELEMENTS
- fixed length control field: 221007|| aca||aabn | a|a d
040 ## - CATALOGING SOURCE
- Original cataloging agency: OSt
- Transcribing agency: OSt
100 ## - HEADING--PERSONAL NAME
- Personal name: Murmu Lakhiram
670 ## - SOURCE DATA FOUND
- Source citation: Work cat.: (OSt)1167679: Murmu Lakhiram, Study of the doctrine of legitimate expectation as a ground for judicial review of administrative action.
